Online
Catalog

Poemas con historia / (Record no. 60757)

MARC details
000 -CABECERA
campo de control de longitud fija 02275nam a2200277 i 4500
003 - IDENTIFICADOR DEL NÚMERO DE CONTROL
campo de control DO-SdBNP
005 - FECHA Y HORA DE LA ÚLTIMA TRANSACCIÓN
campo de control 20260515120122.0
007 - CAMPO FIJO DE DESCRIPCIÓN FÍSICA--INFORMACIÓN GENERAL
campo de control de longitud fija ta
008 - DATOS DE LONGITUD FIJA--INFORMACIÓN GENERAL
campo de control de longitud fija 260515e2025 dr ||||gr|||||||| |bspa d
020 ## - NÚMERO INTERNACIONAL ESTÁNDAR DEL LIBRO
Número Internacional Estándar del Libro 9789945944693
040 ## - FUENTE DE LA CATALOGACIÓN
Centro catalogador/agencia de origen DO-SdBNP
Lengua de catalogación spa
Centro/agencia transcriptor BNPHU
Normas de descripción rda
041 ## - CÓDIGO DE LENGUA
Código de lengua del texto/banda sonora o título independiente spa
082 ## - NÚMERO DE LA CLASIFICACIÓN DECIMAL DEWEY
Número de documento/Ítem G216p 2025
Número de edición 22
100 ## - ENTRADA PRINCIPAL--NOMBRE DE PERSONA
Nombre de persona García Álvarez, Clariel,
Fechas asociadas al nombre 1975-
9 (RLIN) 89593
Término indicativo de función/relación autor
245 ## - MENCIÓN DE TÍTULO
Título Poemas con historia /
Mención de responsabilidad, etc. Clariel García Álvarez.
264 ## - PRODUCCIÓN, PUBLICACIÓN, DISTRIBUCIÓN, FABRICACIÓN Y COPYRIGHT
Producción, publicación, distribución, fabricación y copyright Santo Domingo, República Dominicana :
Nombre del de productor, editor, distribuidor, fabricante Editora Poetas De La Era,
Fecha de producción, publicación, distribución, fabricación o copyright 2025.
300 ## - DESCRIPCIÓN FÍSICA
Extensión 183 páginas ;
Dimensiones 23 x 15.5 cm.
336 ## - TIPO DE CONTENIDO
Término de tipo de contenido texto
Código de tipo de contenido txt
Fuente rdacontent
337 ## - TIPO DE MEDIO
Nombre/término del tipo de medio sin mediación
Código del tipo de medio n
Fuente rdamedia
338 ## - TIPO DE SOPORTE
Nombre/término del tipo de soporte volumen
Código del tipo de soporte nc
Fuente rdacarrier
500 ## - NOTA GENERAL
Nota general Incluye biografía de la autora en la solapa.
520 ## - SUMARIO, ETC.
Sumario, etc. Este libro sirve de lienzo a historias contadas con rima y matizadas de sentimientos.<br/>Las palabras se conservan tal como nacieron, el espíritu de su contenido no es pretencioso ni fastuoso. La autora no utiliza un lenguaje rebuscado ni complejos recursos literarios, sino que cada página refleja un fragmento de una historia tan usual como la vida misma, anécdotas que te envuelven entre versos, consonancia de palabras que hablan de algo o alguien, que aunque el lector no conozca se sentirá parte de ello. La autora juega con el tiempo, entremezcla pasado y presente, impregna de un sentimiento tal cada verso, que puede lograr trasladarnos al instante justo de lo que reseña, sus rimas ponen en contexto al lector de cada suceso, pueden sacar tantas lágrimas como carcajadas, y nos pasean por etapas de la vida que todos en algún momento pasamos, incluso podrían hacernos evocar nuestra propia existencia. Algunos poemas invitan a la reflexión, convidan al lector a sumergirse en su interior y valorar su realidad, sufrir sus pérdidas, valorar su entorno, apreciar sus circunstancias. En general, en estas páginas la poesía florece sin alardes, pero con colores pasteles que permiten conservar el sosiego mientras leemos. El libro nos regala una lectura grata y atrayente, que transcurre entre la jovialidad, la sensibilidad y los sentimientos.
590 ## - NOTA LOCAL (RLIN)
Nota local Inventariado, 2026/WG.
650 #0 - PUNTO DE ACCESO ADICIONAL DE MATERIA--TÉRMINO DE MATERIA
Término de materia o nombre geográfico como elemento de entrada Poesía moderna y contemporánea
9 (RLIN) 89594
Subdivisión cronológica (desde 1900 en adelante)
942 ## - ELEMENTOS DE PUNTO DE ACCESO ADICIONAL (KOHA)
Fuente del sistema de clasificación o colocación Dewey Decimal Classification
Tipo de ítem Koha Libro
Holdings
Estado de retiro Estado de pérdida Fuente del sistema de clasificación o colocación Restricciones de uso No para préstamo Código de colección Localización permanente Ubicación/localización actual Ubicación en estantería Fecha de adquisición Total de préstamos Signatura topográfica completa Código de barras Fecha visto por última vez Precio válido a partir de Tipo de ítem Koha Número de copia
    Dewey Decimal Classification Excluido de préstamo   Patrimonio Dominicano Biblioteca Nacional Pedro Henríquez Ureña Biblioteca Nacional Pedro Henríquez Ureña En catalogación 15.05.2026   G216p 2025 2026-4139 15.05.2026 15.05.2026 Libro  
    Dewey Decimal Classification Excluido de préstamo   Patrimonio Dominicano Biblioteca Nacional Pedro Henríquez Ureña Biblioteca Nacional Pedro Henríquez Ureña En catalogación 15.05.2026   G216p 2025 2026-4140 15.05.2026 15.05.2026 Libro e.2
    Dewey Decimal Classification Excluido de préstamo   Patrimonio Dominicano Biblioteca Nacional Pedro Henríquez Ureña Biblioteca Nacional Pedro Henríquez Ureña En catalogación 15.05.2026   G216p 2025 2026-4141 15.05.2026 15.05.2026 Libro e.3

Powered by Koha